000 00691nam a2200229Ia 4500
003 OSt
005 20250224091057.0
008 210210b2011 xxu||||| |||| 00| 0 eng d
040 _cAL
041 _aKan
082 _aK894.9 ABDU
100 _aABDUL MAJID KHAN
_dಅಬ್ದುಲ್ ಮಜೀದ್ ಖಾನ್
_9202077
245 _aUrdu-Kannada bhasha bandhavya
_bಉರ್ದು ಕನ್ನಡ ಭಾಷಾ ಭಾಂಧವ್ಯ
260 _aBengaLUru
_bHemanta Sahitya
_c2011
300 _a134
650 _aUrdu-KannaDa
_9202078
650 _abhAShA
_9202079
650 _abAndhavya
_9202080
690 _aKannada Criticism
_9202081
906 _a068289
942 _2ddc
_cBK
999 _c152804
_d152804